Electrical measurements (Record no. 1927)

000 -LEADER
fixed length control field 00365nam a22001457a 4500
008 - FIXED-LENGTH DATA ELEMENTS--GENERAL INFORMATION
fixed length control field 200207b ||||| |||| 00| 0 eng d
082 00 - DEWEY DECIMAL CLASSIFICATION NUMBER
Classification number 621.37
Item number M727
100 ## - MAIN ENTRY--PERSONAL NAME
9 (RLIN) 1476
Personal name Mollow, E.
245 10 - TITLE STATEMENT
Title Electrical measurements
260 ## - PUBLICATION, DISTRIBUTION, ETC. (IMPRINT)
Place of publication, distribution, etc London
Name of publisher, distributor, etc George Newnes
Date of publication, distribution, etc 1949
300 ## - PHYSICAL DESCRIPTION
Extent 103p.
365 ## - TRADE PRICE
Unit of pricing 3.07
650 #0 - SUBJECT ADDED ENTRY--TOPICAL TERM
Topical term or geographic name as entry element Electric Measurements
942 ## - ADDED ENTRY ELEMENTS (KOHA)
Item type Books
Holdings
Withdrawn status Lost status Source of classification or shelving scheme Damaged status Not for loan Permanent location Current location Date acquired Source of acquisition Full call number Barcode Date last seen Koha item type
          IMU Kolkata IMU Kolkata 1953-03-12 A. H. Wheeler 621.37 M727 01623 2020-02-07 Books
          IMU Kolkata IMU Kolkata 1953-03-12 A. H. Wheeler 621.37 M727 01624 2020-02-07 Books
Designed and Maintained by IMU-KC Library, Kolkata Campus © Copyright All Rights Reserved

webs counters

Powered by Koha